Statistics for Countries with Lowest Human Impact on Land

Click here to take the quiz!

General Stats

  • This quiz has been taken 91 times
    (21 since last reset)
  • The average score is 16 of 25

Answer Stats

Low Impact Land (%)Country% Correct
81.9Canada
95%
74.0Australia
89%
50.4Brazil
84%
70.0Mongolia
84%
71.6DR Congo
79%
65.8Russia
79%
59.5Chad
74%
70.1Egypt
74%
59.8Mali
74%
66.2Namibia
74%
80.8Algeria
68%
73.5Niger
68%
44.3Saudi Arabia
68%
60.9Bolivia
63%
67.4Botswana
58%
89.9Libya
58%
54.0Oman
58%
79.5Mauritania
53%
45.6Peru
53%
48.3Colombia
47%
80.1Iceland
47%
51.5Central African Republic
42%
50.8Venezuela
42%
44.1Paraguay
37%
72.8Gabon
21%

Score Distribution

Percentile by Number Answered

Percent of People with Each Score

Your Score History

You have not taken this quiz since the last reset